000 00280nam a2200097Ia 4500
001 639952
005 20250826153437.0
008 250824s9999 xx 000 0 und d
245 0 _aVADİDEKİ ZAMBAK ANTİK OKUL KLASİKLERİ
_cHONORE DE BALZAC
260 _bANTİK DÜNYA KLASİKLERİ
999 _c639952
_d639952